Nenne den Rekordbundesligaspieler der jeweiligen Nation - Statistiken

Allgemein
  • Dieses Quiz wurde 74 mal gespielt
  • Das Durchschnittsergebnis liegt bei 3 aus 15
Antwortstatistiken
Hint Antwort % Korrekt
Chile Arturo Vidal
83%
Kamerun Eric Maxim Choupo-Moting
39%
Spanien Javi Martinez
30%
England Owen Hargreaves
30%
Ukraine Andriy Voronin
25%
Griechenland Ioannis Amanatidis
25%
Belgien Koen Casteels
25%
Brasilien Naldo
25%
Frankreich Jonathan Schmid
14%
USA Steven Cherundolo
14%
Elfenbeinküste Guy Demel
9%
Portugal Fernando Meira
8%
Marokko Amine Harit
6%
Tunesien Karim Haggui
6%
Kolumbien Elkin Soto
5%
Keine übereinstimmenden Quizze gefunden
Verteilung der Resultate
Anzahl Personen mit jedem Resultat
Perzentil nach korrekt beantworteten Fragen
Ihre Resultats-Entwicklung
Sie haben dieses Quiz noch nicht gespielt